| 000 | 00000nas 2200000za 4500 |
| 001 | 9.825691 |
| 003 | CaOODSP |
| 005 | 20221107144421 |
| 007 | cr ||||||||||| |
| 008 | 161012d19671978oncmr p oss f0###a0fre|d |
| 022 | |y0380-2132 |
| 040 | |aCaOODSP|bfre |
| 041 | |aeng|afre |
| 043 | |an-cn--- |
| 086 | 1 |aCS41-008-PDF |
| 245 | 00|aOil burners and oil fired hot water heaters |h[ressource électronique]. |
| 246 | 13|aBrûleurs et chauffe-eau au mazout|fjanv. 1969-déc. 1972 |
| 246 | 13|aBrûleurs et chauffe-eau à l'huile|fjanv. 1973-déc. 1978 |
| 246 | 13|aOil burners and oil-fired hot water heaters|fjanv. 1967-déc. 1967 |
| 260 | |aOttawa : |bDominion Bureau of Statistics, Manufacturing and Primary Industries Division, |c1967-1979. |
| 310 | |aMensuel |
| 362 | 0 |aVol. 1, no. 1 (janv. 1967)-v. 12, no. 12 (déc. 1978). |
| 500 | |aÉdition numérisée de l’imprimé [par Statistique Canada]. |
| 520 | |aLes chiffres mensuels et les totaux cumulés du début de l'année civile du nombre et de la valeur totale des livraisons d'usine de brûleurs à mazout et au mazout chauffe-eau. |
| 546 | |aTexte en anglais seulement, janv. 1967-déc. 1968; texte en anglais et en français, janv. 1969-déc. 1978. |
| 550 | |aPubl. janv. 1972-déc. 1978 par Statistique Canada, Division des industries manufacturières et primaires. |
| 692 | 07|2gccst|aChauffage |
| 692 | 07|2gccst|aCombustible |
| 710 | 1 |aCanada. |bBureau fédéral de la statistique. |bDivision des industries manufacturières et primaires. |
| 710 | 1 |aCanada. |bStatistique Canada. |bDivision des industries manufacturières et primaires. |
| 791 | |tOil burners and oil fired hot water heaters |eeng|w(CaOODSP)9.825689 |